Регионална библиотека "Любен Каравелов" - Русе

Стопанска география на континентите Азия, Африка, Австралия, Антарктика (Запис номер 24339)

MARC детайли
000 -Лидер
Контролно поле с фиксирана дължина 01698nam a2200385 c 4500
003 - Код на организацията, давaща контролен номер
Контролно поле BLK
005 - Дата и час на последна редакция
Контролно поле 20240405005332.0
008 - Елементи от данни с фиксирана дължина
fixed length control field 180413b bul|||||r ||||||| ||bul||
010 ## - Наследен системен номер
LC control number KNG00026849000
020 ## - Международен стандартен номер на книга ISBN
Международен стандартен номер на книга ISBN 954-8560-36-4
-- издат.: Парнас
040 ## - Източник на каталожния запис
Идентификатор на билиотеката - собственик на записа BLK
041 ## - Код за език
Код за езика на текст/звукозапис или на отделно заглавие Български
Код за езика КДБФ Български
080 ## - УДК
Текстов определител УДК Социална география. Икономическа география. География на туризма
УДК код - определител по УДК 338:91
УДК определител (100)(075.8)
УДК - код + определител 338:91(100)(075.8)
100 ## - Редна дума - Автор
Автор Дойков, Васил Георгиев
Автор - информация (биография) Географ, краевед, писател
Дати, свързани с автора 1930-2018
R(LIN) 364377
139 ## - Редно поле
Редна дума Дойков, Васил Георгиев и др.
Авторски знак Дои - Д 71
245 10 - Сведения за заглавието
Заглавие Стопанска география на континентите Азия, Африка, Австралия, Антарктика
Подзаглавни данни Учебник за студентите от ВУЗ
Редно поле (дума) Васил Георгиев Дойков; съавт. Атанас Харалампиев Дерменджиев.
257 ## - Страна на издаване
Страна на създаване/издаване България
260 ## - Област на издателските данни
-- Русе
Име на издателя, разпространителя и проч. Парнас
Година на издаване 1999
300 ## - Физическа характеристика
Страници 240 с.
Илюстрации и др. с табл., к.
Размери/Мащаб 23 см
380 ## - Жанр
Жанр Обществени науки
650 #4 - Допълнително описание по предмет – тема
Основно описание – тема или топоним Икономическа география
9 (RLIN) 267598
651 #4 - Допълнително описание по предмет - топоним
Географско понятие Азия
9 (RLIN) 253598
651 #4 - Допълнително описание по предмет - топоним
Географско понятие Африка
9 (RLIN) 246452
651 #4 - Допълнително описание по предмет - топоним
Географско понятие Австралия
9 (RLIN) 178508
651 #4 - Допълнително описание по предмет - топоним
Географско понятие Антарктида
9 (RLIN) 178534
653 ## - Ключова дума – ненормативна
Ключова дума география
653 ## - Ключова дума – ненормативна
Ключова дума континенти
700 1# - Други автори (авторска отговорност)
Лично име Дерменджиев, Атанас Харалампиев
Автороска отговорност (Описва отношението между автора и произведението) съавт.
9 (RLIN) 364631
852 ## - Местоположение
Форматна сигнатура Цб 199867
856 4# - Електронен адрес и достъп
Електронен формат pdf - файл
Път до файла /url/
856 4# - Електронен адрес и достъп
Електронен формат pdf - файл
Път до файла /url/
942 ## - АРТИКУЛИ
Вид на библиотечния материал Книги
Скрит в OPAC Не
Koha issues (borrowed), all copies 1
944 ## - СЪЗДАВАНЕ И РЕДАКЦИЯ на ЗАПИСА
Създаване/Редакция Създаване
Дата на регистрацията/редакция 15.01.2003
Служител, извършил регистрацията/редакцията
Статус, дата на статуса CRON CRON
944 ## - СЪЗДАВАНЕ И РЕДАКЦИЯ на ЗАПИСА
Създаване/Редакция Редакция
Дата на регистрацията/редакция 30.05.2006
Служител, извършил регистрацията/редакцията
999 ## - СИСТЕМНИ КОНТРОЛНИ НОМЕРА
Koha biblionumber 24339
Koha biblioitemnumber 24339
Наличности
Код за отписване Код за изгубен артикул Източник на класификационната схема Код за повреда Коз за рестрикции Код за отдаване Артикулен № Име на библиотеката - собственик Име на библиотеката, в която се намира в момента Статус (Текущо местоположение) Дата на вписване в системата Местоположение - отдел Цена в лева Инвентарен номер Систематично азбучна сигнатура Баркод Номер на екземпляра Цена в евро Служебна бележка Служебен тип на артикула
  Не е изгубен Universal Decimal Classification Не е повреден без рестрикции ползва се в читалня 40190 Регионална библиотека "Любен Каравелов" Русе Регионална библиотека "Любен Каравелов" Русе Читалня 2001-01-01 Читалня 5.00 647607 Ч 338:91/Д 71 120000647607 1 2.56 Дост: Pk Вид: Ф N: стар фонд Дата инв: 30.03.2017 Бележки инв: Ч2017 Книги
  Не е изгубен Universal Decimal Classification Не е повреден без рестрикции заемане за дома 40191 Регионална библиотека "Любен Каравелов" Русе Регионална библиотека "Любен Каравелов" Русе Заемна - подръчен фонд 2001-01-01 Заемна - подръчен фонд 0.01 650550 П 338:91/Д 71 120000650550 2 0.01 Дост: Pk Вид: Ф N: стар фонд Дата инв: 05.02.2018 Бележки инв: П2018 Книги
  Не е изгубен Universal Decimal Classification Не е повреден без рестрикции ползва се в читалня 40192 Регионална библиотека "Любен Каравелов" Русе Регионална библиотека "Любен Каравелов" Русе Хранилище 2001-01-01 Хранилище 5.00 647178 Цб 199867 120000647178 3 2.56 Дост: Dp Вид: Д N: стар фонд Книги
  Не е изгубен Universal Decimal Classification Не е повреден без рестрикции ползва се в читалня 40193 Регионална библиотека "Любен Каравелов" Русе Регионална библиотека "Любен Каравелов" Русе Хранилище 2001-01-01 Хранилище 0.01 651027 Цб 199867 120000651027 4 0.01 Дост: Dp Вид: Д N: стар фонд Книги
Изтеглен Не е изгубен   Не е повреден без рестрикции заемане за дома 40194 Регионална библиотека "Любен Каравелов" Русе Регионална библиотека "Любен Каравелов" Русе Детски отдел 2002-06-10 Детски отдел 6.00 120000670388 ДН 33/Д 71 120000670388 5 3.07 Дост: DA Вид: А N: 20 Дата: 10.06.2002 Дата инв: 20.08.2015 Бележки инв: Д2015 Книги
Vip Innovations Ltd, Rousse, Bulgaria 2025